[Event "Asia-ch Blitz U20"]
[Site "Jamshedpur"]
[Date "2023.09.15"]
[Round "5"]
[White "Vikramaditya, Abhijit Chavan"]
[Black "Mukesh, Kumar1111"]
[Result "1-0"]
[WhiteElo "1388"]
[BlackElo "1593"]
[PlyCount "75"]
[EventDate "2023.09.15"]
[EventType "swiss (blitz)"]
[EventRounds "9"]
[EventCountry "IND"]
[SourceTitle "EXT 2024"]
[Source "ChessBase"]
[SourceDate "2023.10.10"]
[SourceVersion "1"]
[SourceVersionDate "2023.10.10"]
[SourceQuality "1"]

1. e4 c6 2. d4 d5 3. exd5 cxd5 4. Bd3 Nf6 5. Bf4 Bg4 6. Nf3 Nc6 7. c3 e6 8. h3 Bh5 9. Nbd2 Bd6 10. Bxd6 Qxd6 11. 0-0 0-0 12. Be2 Rfe8 13. Re1 Bg6 14. Nf1 Ne4 15. Bd3 f5 16. Nh4 Rac8 17. f3 Nf6 18. Nxg6 hxg6 19. Qd2 a6 20. a3 Na5 21. Rad1 Kf7 22. Qg5 Rh8 23. Re2 Rh5 24. Qg3 Qd7 25. Rde1 Rc6 26. Qe5 Rd6 27. Ng3 Nc6 28. Qf4 Rh6 29. Nh1 Na5 30. Nf2 Nh5 31. Qg5 Nf6 32. g4 fxg4 33. Nxg4 Nxg4 34. fxg4 Nc4 35. h4 Nb6 36. h5 Nc8 37. Bxg6+ Kg8 38. Rf2 1-0

[Event "Asia-ch Rapid U20"]
[Site "Jamshedpur"]
[Date "2023.09.08"]
[Round "4"]
[White "Vikramaditya, Abhijit Chavan"]
[Black "Bizhigitov, Zhangir"]
[Result "1-0"]
[WhiteElo "1613"]
[BlackElo "2151"]
[PlyCount "129"]
[EventDate "2023.09.08"]
[EventType "swiss (rapid)"]
[EventRounds "9"]
[EventCountry "IND"]
[SourceTitle "EXT 2024"]
[Source "ChessBase"]
[SourceDate "2023.10.10"]
[SourceVersion "1"]
[SourceVersionDate "2023.10.10"]
[SourceQuality "1"]

1. d4 d5 2. Bf4 Nf6 3. e3 c5 4. c3 Nc6 5. Nf3 Qb6 6. Qb3 c4 7. Qc2 Bf5 8. Qc1 e6 9. Nbd2 Be7 10. Be2 0-0 11. 0-0 Qd8 12. Ne5 Rc8 13. Bf3 b5 14. Re1 b4 15. Nxc6 Rxc6 16. e4 dxe4 17. Nxe4 Nd5 18. Be5 Rc8 19. Ng3 Bg6 20. Be4 bxc3 21. bxc3 Qa5 22. Bxd5 Qxd5 23. Ne2 f6 24. Nf4 Qd7 25. Nxg6 hxg6 26. Bg3 Bd6 27. Qe3 Bxg3 28. Qxg3 Kf7 29. Rab1 Rc7 30. Rb4 Re8 31. h3 Qc6 32. Qf4 Rce7 33. Qe4 Rc8 34. f3 g5 35. Reb1 Qxe4 36. fxe4 Rec7 37. Kf2 Ke7 38. Ke3 Kd6 39. Rb5 Rc6 40. R1b2 R8c7 41. Ra5 Rb6 42. Rb4 Kd7 43. a3 Rcb7 44. Rc5 Rc7 45. Rxc7+ Kxc7 46. Rxc4+ Kd6 47. Rb4 Rc6 48. Kd3 Rc7 49. c4 Kc6 50. d5+ exd5 51. exd5+ Kd6 52. Kd4 f5 53. Ra4 Rb7 54. c5+ Ke7 55. Ke5 f4 56. d6+ Kd7 57. Kd5 Rb2 58. Rxa7+ Kc8 59. Rxg7 Rxg2 60. c6 Rd2+ 61. Ke6 Re2+ 62. Kf5 Kb8 63. c7+ Kb7 64. Rg8 Rc2 65. Rb8+ 1-0

[Event "Asia-ch Rapid U20"]
[Site "Jamshedpur"]
[Date "2023.09.08"]
[Round "6"]
[White "Vikramaditya, Abhijit Chavan"]
[Black "Liyanage, Ranindu Dilshan"]
[Result "0-1"]
[WhiteElo "1613"]
[BlackElo "2210"]
[PlyCount "94"]
[EventDate "2023.09.08"]
[EventType "swiss (rapid)"]
[EventRounds "9"]
[EventCountry "IND"]
[SourceTitle "EXT 2024"]
[Source "ChessBase"]
[SourceDate "2023.10.10"]
[SourceVersion "1"]
[SourceVersionDate "2023.10.10"]
[SourceQuality "1"]

1. d4 d5 2. Bf4 Nf6 3. e3 c5 4. c3 e6 5. Nf3 Nc6 6. Nbd2 cxd4 7. exd4 Nh5 8. Be5 f6 9. Bg3 Bd6 10. Bxd6 Qxd6 11. Be2 Nf4 12. 0-0 0-0 13. Re1 Bd7 14. Bf1 Rfe8 15. g3 Ng6 16. c4 Rad8 17. Bg2 Nge7 18. Rc1 Nf5 19. c5 Qf8 20. Nf1 Bc8 21. Ne3 Nxe3 22. fxe3 e5 23. a3 Bg4 24. Qb3 Qf7 25. Qc3 Qh5 26. Nd2 Kh8 27. b4 Ne7 28. b5 Nf5 29. c6 bxc6 30. bxc6 Nd6 31. c7 Rc8 32. Qc6 Nf5 33. Bxd5 exd4 34. exd4 Ne7 35. Rxe7 Rf8 36. Re8 Rfxe8 37. Qb7 Re7 38. Qc6 Qg5 39. Bf3 Qxd2 40. Bg2 Re1+ 41. Rxe1 Qxe1+ 42. Bf1 Bh3 43. Qc4 Qxf1+ 44. Qxf1 Bxf1 45. d5 Rxc7 46. d6 Rd7 47. Kxf1 Rxd6 0-1